000 00288nam a2200121Ia 4500
008 241002s9999 xx 000 0 und d
082 _a128 HUM
100 _aHume, David
245 2 _aA Treatise of Human Nature Book One
260 _aLondon:
_c1967
600 _aPhilosophy
942 _cUC
999 _c18846
_d18846